Self Study Report for accreditation (Record no. 24767)

MARC details
000 -LEADER
fixed length control field 00345nam a2200145Ia 4500
003 - CONTROL NUMBER IDENTIFIER
control field OSt
082 ## - DEWEY DECIMAL CLASSIFICATION NUMBER
Classification number IR COH/SSR
Item number 2012
245 ## - TITLE STATEMENT
Title Self Study Report for accreditation
260 ## - PUBLICATION, DISTRIBUTION, ETC. (IMPRINT)
Place of publication, distribution, etc Vellanikkara
Name of publisher, distributor, etc College of Horticulture
Date of publication, distribution, etc 2012
300 ## - PHYSICAL DESCRIPTION
Extent 176p.
546 ## - LANGUAGE
Language note English
700 ## - ADDED ENTRY--PERSONAL NAME
Personal name Joseph, P A
700 ## - ADDED ENTRY--PERSONAL NAME
Personal name Sarah T George
942 ## - ADDED ENTRY ELEMENTS (KOHA)
Source of classification or shelving scheme Dewey Decimal Classification
Koha item type KAU Publications
Holdings
Lost status Source of classification or shelving scheme Damaged status Not for loan Collection code Home library Current library Shelving location Date acquired Total Checkouts Full call number Barcode Date last seen Koha item type
  Dewey Decimal Classification   Not For Loan KAU Publication KAU Central Library, Thrissur KAU Central Library, Thrissur IR 18/03/2014   IR COH/SSR 2012 807326 18/03/2014 Report
Kerala Agricultural University Central Library
Thrissur-(Dt.), Kerala Pin:- 680656, India
Ph : (+91)(487) 2372219
E-mail: librarian@kau.in
Website: http://library.kau.in/